Escándalo de hojas muertas : sobre una calle cualquiera /

Guardat en:
Dades bibliogràfiques
Autor principal: Guzmán, Valeria (autor)
Format: Llibre
Idioma:espanyol
Publicat: Guadalajara, México : Santa María Juana, 2004, c2004
Matèries:
Etiquetes: Afegir etiqueta
Sense etiquetes, Sigues el primer a etiquetar aquest registre!

MARC

LEADER 00000nam^a2200000^a^4500
001 000391211
005 20250521000000.0
009 20260310121207.86
020 |a 970-94165-0-2 
037 |a Acervo ITESO - Biblioteca 
041 |a ESP 
082 |a 861.  |b GUZ 
100 |a Guzmán, Valeria  |e (autor) 
245 1 0 |a Escándalo de hojas muertas :  |b sobre una calle cualquiera /  |c V. Guzmán. 
264 4 |a Guadalajara, México :  |b Santa María Juana,  |c 2004, c2004 
300 |a 62 p. 
336 |a texto  |b txt  |2 rdacontenido 
337 |a sin mediación  |b n  |2 rdamedio 
338 |a volumen  |b nc  |2 rdasoporte 
649 |a XX 
650 |a Poesía Jalisciense 
650 |a Poesía Mexicana 
650 |a Literatura Jalisciense -  |y Siglo XXI 
650 |a Literatura Mexicana -  |y Siglo XXI 
650 |a Literatura de Mujeres -  |z México 
910 |a Fondo General 
920 |a Impresos - Libros 
930 |a Colección General 
940 |a Literatura 
905 |a 101 
901 |a 0500285948  |b IT1  |c LIT  |i D83522  |u 20250521 
902 |a https://opac.biblio.iteso.mx/vufind/Record/000391211